000
00287nam a22001337a 4500
020
_a
978-0-241-33414-0
082
_a
920
_b
OBA/B
100
_a
OBAMA,MICHELLE
245
_a
BECOMING
260
_a
UK
_b
PENGUIN BOOKS
300
_a
426
650
_a
LIFE OF MICHELLE OBAMA
_z
UK
942
_c
BK
999
_c
5754
_d
5754